Stadien in Europa - Statistiken

Allgemein
  • Dieses Quiz wurde 188 mal gespielt
  • Das Durchschnittsergebnis liegt bei 9 aus 15
Antworten auf der Karte
Die Antworten werden auf der Karte rot bzw. grün angezeigt, abhängig davon wie oft sie richtig erraten wurden.
 
Antwortstatistiken
Antwort % Korrekt
Olimpico Roma
78%
Weserstadion
74%
Arena Lwiw
72%
Red Bull Arena
72%
Wembley Stadium
72%
Parc des Princes
71%
Camp Nou
69%
Volksparkstadion
69%
Stade Louis II
64%
Estadio da Luz
63%
Old Trafford
61%
Santiago Bernabeu
51%
Anfield Road
35%
Allianz Arena
25%
Signal Iduna Park
13%
Keine übereinstimmenden Quizze gefunden
Verteilung der Resultate
Anzahl Personen mit jedem Resultat
Perzentil nach korrekt beantworteten Fragen
Ihre Resultats-Entwicklung
Sie haben dieses Quiz noch nicht gespielt